Loading...
| Literature - World | 0 | 3 | 0 | 0 | 30 | 79 | 105.67 | 1 | 2 | 6.24 | 18.64 |
| Science - Other | 0 | 3 | 1 | 0 | 25 | 50 | 87.67 | 1 | 2 | 7.32 | 14.55 |
| Fine Arts - Painting and Sculpture | 0 | 3 | 1 | 1 | 25 | 119 | 127.67 | 0 | 3 | 2.10 | 13.64 |
| Science - Physics | 0 | 2 | 0 | 0 | 20 | 75 | 90.50 | 0 | 2 | 4.83 | 10.00 |
| Science - Biology | 0 | 2 | 0 | 1 | 20 | 90 | 105.50 | 0 | 1 | 2.38 | 5.91 |
| History - American | 0 | 2 | 1 | 1 | 15 | 87 | 101.50 | 0 | 0 | 3.23 | 5.45 |
| Fine Arts - Other | 0 | 2 | 1 | 0 | 15 | 79 | 102.00 | 1 | 2 | 4.03 | 10.91 |
| Science - Chemistry | 0 | 2 | 1 | 2 | 15 | 120 | 120.50 | 0 | 2 | 0.00 | 9.09 |
| Social Science | 0 | 1 | 0 | 1 | 10 | 113 | 113.00 | 0 | 1 | 0.00 | 5.45 |
| Geography | 0 | 1 | 0 | 0 | 10 | 59 | 59.00 | 1 | 1 | 18.21 | 33.33 |
| History - European | 0 | 1 | 0 | 0 | 10 | 97 | 97.00 | 0 | 0 | 1.98 | 2.27 |
| History - Other | 0 | 1 | 0 | 0 | 10 | 97 | 97.00 | 0 | 1 | 1.22 | 2.27 |
| Religion | 0 | 1 | 0 | 0 | 10 | 76 | 76.00 | 0 | 1 | 3.52 | 5.45 |
| Literature - European | 0 | 1 | 1 | 1 | 5 | 148 | 148.00 | 0 | 1 | 0.00 | 1.82 |
| Literature - American | 0 | 1 | 1 | 0 | 5 | 29 | 29.00 | 0 | 1 | 7.08 | 7.27 |
| Literature - British | 0 | 0 | 2 | 0 | -10 | 0.00 | 0 | 0 | 0.00 | 0.00 |